LEADER 00817nam0-22002771i-450- 001 990007493290403321 005 20071005113903.0 035 $a000749329 035 $aFED01000749329 035 $a(Aleph)000749329FED01 035 $a000749329 100 $a20030814d1955----km-y0itay50------ba 101 0 $aita 102 $aIT 200 1 $a<>vulcanismo e i suoi aspetti morfologici$eappunti delle lezioni del corso di geografia$fG. Morandini 210 $aPadova$cCedam$d1955 215 $a104 p.$d25 cm 610 0 $aVulcanismo 700 1$aMorandini,$bGiuseppe$f<1907-1969>$034034 801 0$aIT$bUNINA$gRICA$2UNIMARC 901 $aBK 912 $a990007493290403321 952 $aB-06-032$bIst.8261$fILFGE 959 $aILFGE 996 $aVulcanismo e i suoi aspetti morfologici$9675924 997 $aUNINA